00604nam a22001697a 4500008004100000020001800041050002100059100001800080245007100098250002200169260003300191300006200224504004100286650001800327650003800345650005100383230316b |||||||| |||| 00| 0 eng d a9780357671429 aBF637b.C67 2022 aCorey, Gerald aTheory and practice of counseling and psychotherapy/cGerald Corey a10th ed.bUpdated aBoston, MA.bCengage, c2021 axviii, 490 pages :b illustrations (some color) ; c26 cm aInclude Biblio. References and index aPsychotherapy aCounselingxpsychologist yclient aCross-cultural counselingxBody-mind centering